000
00187nam a22000857a 4500
001
1301012
005
20260424104808.0
245
_a
DİL VE İŞGAL
_c
TAHA KILINÇ
260
_b
KETEBE YAYINLARI
999
_c
1301012
_d
1301012